| 000 | 00643nam a22002177a 4500 | ||
|---|---|---|---|
| 005 | 20170124105947.0 | ||
| 010 | _a992205 | ||
| 020 | _c50.00 | ||
| 035 | _a992205 | ||
| 037 | _bCen Lib/Ret | ||
| 040 |
_aDPL _bEN |
||
| 082 |
_a270.33 _bABU |
||
| 100 |
_aAbul-Fazal, Mirza _912538 |
||
| 245 |
_aLife of Mohammad / _cby Mirza Abul-Fazal _bfrom various authors |
||
| 260 |
_aNew Delhi _bAsian Publication services _c1980 |
||
| 270 |
_aii-k-29, lajpat nagar _bNew Delhi _e110024 |
||
| 300 |
_avi, 252p. _c16cm(Hb) |
||
| 650 |
_aIslam _95289 |
||
| 650 |
_aBiographies _xMohammad _912539 |
||
| 942 |
_2ddc _cEN _h270.33 _mABU |
||
| 999 |
_c124964 _d124964 |
||